[Event "Riazan-ch"]
[Site "Riazan"]
[Date "2009.03.??"]
[Round "?"]
[White "Morozov, Vladislav"]
[Black "Stepovoj, Vladimir"]
[Result "0-1"]
[WhiteElo "2088"]
[BlackElo "2359"]
[PlyCount "68"]
[EventDate "2009.03.??"]
[EventType "swiss"]
[EventRounds "13"]
[EventCountry "RUS"]
[SourceTitle "EXT 2010"]
[Source "ChessBase"]
[SourceDate "2010.11.25"]
[SourceVersion "1"]
[SourceVersionDate "2010.11.25"]
[SourceQuality "1"]

1. e4 c5 2. Nf3 a6 3. c4 d6 4. d4 cxd4 5. Nxd4 Nf6 6. Nc3 e6 7. Be3 Qc7 8. Be2 b6 9. 0-0 Bb7 10. f3 Be7 11. Qd2 0-0 12. Rfd1 Nbd7 13. Rac1 Rac8 14. Bf1 Qb8 15. Qf2 Bd8 16. b3 Bc7 17. g3 Rfe8 18. Bg2 Qa8 19. Nde2 Rcd8 20. Rc2 Qb8 21. Rcd2 Ba8 22. Nd4 Ne5 23. a4 d5 24. cxd5 exd5 25. Nxd5 Nxd5 26. exd5 Bxd5 27. Bf4 f6 28. b4 Qa8 29. b5 Bd6 30. Kh1 Bc5 31. g4 Bb3 32. Rc1 Bxa4 33. Be3 axb5 34. f4 Nxg4 0-1

[Event "Elista Chess City op 10th"]
[Site "Elista"]
[Date "2008.09.17"]
[Round "3"]
[White "Utnasunov, Alexander"]
[Black "Morozov, Vladislav"]
[Result "1-0"]
[WhiteElo "2447"]
[BlackElo "2093"]
[PlyCount "63"]
[EventDate "2008.09.16"]
[EventType "swiss"]
[EventRounds "9"]
[EventCountry "RUS"]
[SourceTitle "CBM 126 Extra"]
[Source "ChessBase"]
[SourceDate "2008.11.05"]
[SourceVersion "1"]
[SourceVersionDate "2008.11.05"]
[SourceQuality "1"]

1. d4 Nf6 2. c4 g6 3. Nc3 Bg7 4. e4 d6 5. f3 0-0 6. Be3 Nbd7 7. Qd2 e5 8. d5 Nb6 9. Bd3 c5 10. Nge2 Ne8 11. g4 Qh4+ 12. Ng3 f5 13. Bg5 Bh6 14. Bxh4 Bxd2+ 15. Kxd2 fxg4 16. fxg4 Bxg4 17. Rhf1 Ng7 18. Be7 Rxf1 19. Rxf1 Re8 20. Bxd6 Nd7 21. b4 b6 22. bxc5 bxc5 23. Rb1 Rc8 24. Be2 Bh3 25. Bf1 Bxf1 26. Nxf1 Ne8 27. Be7 Kf7 28. Bg5 Nd6 29. Ne3 Nb6 30. Kd3 Kg7 31. Rf1 Rf8 32. Bh6+ 1-0

[Event "Riazan Region-ch"]
[Site "Riazan"]
[Date "2007.??.??"]
[Round "4"]
[White "Morozov, Vladislav"]
[Black "Madorsky, Felix"]
[Result "1/2-1/2"]
[WhiteElo "2040"]
[BlackElo "2065"]
[PlyCount "104"]
[EventDate "2007.04.??"]
[EventType "swiss"]
[EventRounds "9"]
[EventCountry "RUS"]
[SourceTitle "EXT 2010"]
[Source "ChessBase"]
[SourceDate "2010.11.25"]
[SourceVersion "1"]
[SourceVersionDate "2010.11.25"]
[SourceQuality "1"]

1. d4 d5 2. c4 e6 3. Nf3 c6 4. g3 f5 5. Bg2 Nf6 6. 0-0 Bd6 7. b3 Qe7 8. c5 Bc7 9. Bf4 Bxf4 10. gxf4 0-0 11. Nc3 Bd7 12. e3 Be8 13. Ne5 Bh5 14. Bf3 Bxf3 15. Qxf3 Na6 16. Kh1 Kh8 17. Rg1 Rac8 18. Qh3 Kg8 19. a3 Nc7 20. b4 Nd7 21. Nf3 Ne8 22. Ne5 Rc7 23. Nxd7 Rxd7 24. Ne2 Rf6 25. Rg5 Kf8 26. Nc1 Rh6 27. Qg3 Nf6 28. f3 Rc7 29. Nd3 Rh5 30. Rg1 Rh6 31. Ne5 Nh5 32. Qf2 Nf6 33. Rb1 a6 34. Rbg1 Qe8 35. Qg3 Qe7 36. Qg2 Rh4 37. Qf2 Rh3 38. Qg2 Rh4 39. Rb1 Nd7 40. Nxd7+ Qxd7 41. a4 Rh6 42. Qe2 Rf6 43. Rgg1 Kg8 44. b5 axb5 45. axb5 Rf8 46. bxc6 bxc6 47. Rb6 Ra8 48. Rgb1 Kf7 49. Qb2 h6 50. Ra1 Raa7 51. Rxa7 Rxa7 52. Kg2 Kg6 1/2-1/2